Statistiques concernant Drapeaux du monde

Cliquez ici pour prendre le quiz!

Statistiques générales

  • Ce quiz a été pris 211 586 fois
  • Le résultat moyen est 95 sur 196

Statistiques - réponses

Réponse% Correct
Etats-Unis
99%
Canada
98%
Royaume-Uni
98%
France
97%
Italie
97%
Australie
95%
Japon
94%
Brésil
93%
Russie
92%
Corée du Sud
92%
Irlande
91%
Suède
90%
Suisse
90%
Chine
90%
Espagne
89%
Belgique
89%
Grèce
89%
Pays-Bas
88%
Allemagne
88%
Nouvelle-Zélande
87%
Algérie
86%
Turquie
86%
Finlande
86%
Norvège
86%
Israël
86%
Afrique du Sud
83%
Argentine
83%
Mexique
82%
Inde
80%
Jamaïque
80%
Tunisie
79%
Chypre
79%
Pologne
78%
Danemark
78%
Albanie
77%
Arabie Saoudite
75%
Portugal
75%
Liban
74%
Islande
73%
Croatie
73%
Côte d'Ivoire
73%
Uruguay
70%
Maroc
69%
Autriche
69%
Égypte
68%
Népal
67%
Bulgarie
67%
Viêt Nam
67%
Roumanie
66%
Macédoine du Nord
66%
Hongrie
65%
Géorgie
65%
Vatican
64%
Kenya
62%
Cameroun
62%
Corée du Nord
62%
Malte
61%
République tchèque
60%
Monaco
60%
Slovaquie
59%
Pakistan
58%
Cuba
58%
Chili
58%
Bangladesh
57%
Venezuela
56%
Luxembourg
56%
Ukraine
56%
Iran
56%
Panama
55%
Irak
55%
Serbie
55%
Kosovo
55%
Slovénie
54%
Colombie
54%
République démocratique du Congo
54%
Pérou
54%
Bosnie-Herzégovine
53%
Estonie
53%
Nigeria
52%
Qatar
51%
Sénégal
50%
Bhoutan
50%
Saint-Marin
50%
Cambodge
49%
Syrie
49%
Malaisie
49%
Kazakhstan
48%
Indonésie
48%
Madagascar
47%
Singapour
46%
République dominicaine
45%
Thaïlande
45%
Équateur
44%
Sri Lanka
43%
Azerbaïdjan
43%
Honduras
42%
Biélorussie
42%
Angola
42%
Gabon
41%
Barbade
41%
Andorre
41%
Burkina Faso
41%
Seychelles
41%
Costa Rica
40%
Mali
40%
Somalie
39%
Lettonie
39%
Arménie
39%
Moldavie
38%
Comores
37%
Liberia
37%
Papouasie-Nouvelle- Guinée
37%
Philippines
37%
Émirats arabes unis
37%
Laos
36%
Ouzbékistan
36%
Niger
36%
Mauritanie
35%
Libye
35%
Tonga
35%
Palaos
35%
Paraguay
35%
Liechtenstein
35%
Afghanistan
34%
Éthiopie
34%
Jordanie
34%
Taïwan
34%
Tchad
33%
Turkménistan
33%
Lituanie
33%
Yémen
33%
Tanzanie
33%
Monténégro
33%
Bahreïn
32%
Haïti
32%
Ghana
32%
Eswatini
32%
Ouganda
32%
Birmanie
31%
Oman
30%
Mongolie
30%
Cap-Vert
30%
Koweït
30%
République du Congo
30%
Trinité-et-Tobago
29%
Bahamas
29%
Togo
29%
Malawi
28%
Maldives
28%
Fidji
28%
Mozambique
28%
Nicaragua
28%
Zimbabwe
27%
Brunei
27%
Burundi
26%
Belize
26%
Salvador
26%
Antigua-et-Barbuda
26%
Tadjikistan
25%
Guinée
25%
Kiribati
25%
Bénin
25%
Botswana
25%
Micronésie
25%
Soudan
25%
Guatemala
24%
Soudan du Sud
24%
République Centrafricaine
24%
Îles Marshall
24%
Érythrée
24%
Djibouti
24%
Rwanda
23%
Kirghizistan
23%
Namibie
22%
Sainte-Lucie
22%
Sierra Leone
22%
Lesotho
22%
Zambie
22%
Guyana
21%
Île Maurice
21%
Grenade
21%
Dominique
21%
Suriname
21%
Nauru
21%
Samoa
20%
Vanuatu
20%
Guinée équatoriale
19%
Guinée-Bissau
18%
Saint-Vincent-et-les- Grenadines
18%
Timor oriental
18%
Bolivie
18%
Gambie
17%
Saint-Christophe- et-Niévès
16%
Tuvalu
16%
Sao Tomé-et-Principe
16%
Salomon
13%

Distribution des résultats

Percentile par nombre de réponses

% des personnes avec chaque résultat

Votre développement - résultats

Vous n’avez pas pris ce quiz